Rights and remedies (Record no. 77252)

MARC details
000 -LEADER
fixed length control field 01159cab a2200217 4500
001 - CONTROL NUMBER
control field ##L133896
008 - FIXED-LENGTH DATA ELEMENTS--GENERAL INFORMATION
fixed length control field 060616n2006 000 0 eng u
035 ## - SYSTEM CONTROL NUMBER
System control number (Sirsi) u133896
041 0# - LANGUAGE CODE
Language code of text/sound track or separate title eng
100 1# - MAIN ENTRY--PERSONAL NAME
Personal name Brewer, Geoff
245 00 - TITLE STATEMENT
Title Rights and remedies
260 ## - PUBLICATION, DISTRIBUTION, ETC.
Date of publication, distribution, etc. 2006
490 #0 - SERIES STATEMENT
Series statement Contract Journal
Volume/sequential designation 433(6578) 7 June 2006, 34(1)
520 ## - SUMMARY, ETC.
Summary, etc. Gives the facts of, and comments upon, "Enterprise Oil Ltd v Strand Insurance Co Ltd" ([2006], EWHC 58 Comm, L133894), where the issue to be decided was whether a settlement agreement can be used to ascertain loss in the context of a subsequent insurance claim. The decision makes it clear that such an agreement is no more than evidence of a loss that may be claimed under an insurance policy. If the agreement is challenged, the question of whether there has been a loss covered by the policy may be decided on extrinsic evidence.
590 ## - LOCAL NOTE (RLIN)
Local note IKA200606
650 24 - SUBJECT ADDED ENTRY--TOPICAL TERM
Topical term or geographic name entry element ENTERPRISE OIL LTD V STRAND INSURANCE CO LTD
650 24 - SUBJECT ADDED ENTRY--TOPICAL TERM
Topical term or geographic name entry element LUMBERMAN'S MUTUAL CASUALTY COMPANY V BOVIS LEND LEASE LTD
651 #4 - SUBJECT ADDED ENTRY--GEOGRAPHIC NAME
Geographic name England and Wales
Chronological subdivision 1543-
690 ## - LOCAL SUBJECT ADDED ENTRY--TOPICAL TERM (OCLC, RLIN)
Topical term or geographic name as entry element MANAGEMENT-BUSINESS MANAGEMENT-INSURANCE
942 ## - ADDED ENTRY ELEMENTS (KOHA)
Suppress in OPAC 0
Holdings
Withdrawn status Lost status Source of classification or shelving scheme Damaged status Not for loan Home library Current library Shelving location Date acquired Total Checkouts Full call number Barcode Date last seen Copy number Price effective from Koha item type
    Dewey Decimal Classification     London London Journal article 16/06/2006   L133896 133896-1001 06/08/2019 1 06/08/2019 Journal article